[Event "2. Bundesliga West 2015/16"]
[Site "Voels Theatersaal"]
[Date "2016.01.23"]
[Round "7"]
[Board "4"]
[White "Rusche, Johannes"]
[Black "Dobosz, Henryk"]
[Result "0-1"]
[WhiteElo "2274"]
[BlackElo "2389"]
[PlyCount "52"]
[EventDate "2015.10.16"]
[EventType "team"]
[EventRounds "11"]
[EventCountry "AUT"]
[WhiteTeam "Kufstein/Woergl"]
[BlackTeam "Bregenz"]

1. e4 g6 2. d4 Bg7 3. Nc3 c6 4. Nf3 d6 5. Be3 b5 6. Qd2 Nd7 7. Bd3 Bb7 8. O-O
Qc7 9. Rfe1 a6 10. a4 b4 11. Ne2 c5 12. Ng3 e5 13. dxc5 dxc5 14. Bc4 Ngf6 15.
Bh6 O-O 16. Qg5 Kh8 17. Bxg7+ Kxg7 18. Nf5+ Kh8 19. Nh6 Kg7 20. Rad1 Bxe4 21.
Rxd7 Qxd7 22. Nxe5 Qd4 23. Nhxf7 Rxf7 24. Nxf7 Qxc4 25. Nd6 Qd4 26. Nxe4 Re8
 0-1

[Event "2. Bundesliga West 2015/16"]
[Site "Voels Theatersaal"]
[Date "2016.01.23"]
[Round "7"]
[Board "5"]
[White "Bezler, Rainer"]
[Black "Atzl, Florian"]
[Result "1-0"]
[WhiteElo "2215"]
[BlackElo "1918"]
[PlyCount "61"]
[EventDate "2015.10.16"]
[EventType "team"]
[EventRounds "11"]
[EventCountry "AUT"]
[WhiteTeam "Bregenz"]
[BlackTeam "Kufstein/Woergl"]

1. e4 c5 2. Nf3 e6 3. d4 cxd4 4. Nxd4 a6 5. Nc3 Qc7 6. Bd3 Nf6 7. O-O Be7 8.
Kh1 d6 9. f4 b5 10. a3 Bb7 11. Qe1 Nbd7 12. Qg3 h5 13. Bd2 h4 14. Qh3 Nc5 15.
Rfe1 d5 16. e5 Nfe4 17. Bxe4 Nxe4 18. Nxe4 dxe4 19. f5 Bc5 20. c3 Qxe5 21. fxe6
f6 22. Be3 g6 23. b4 Ba7 24. Qg4 g5 25. h3 Bd5 26. a4 bxa4 27. Rxa4 Bb8 28. Bg1
Qg3 29. Qf5 g4 30. Qxd5 gxh3 31. Qd7+ 1-0

[Event "2. Bundesliga West 2015/16"]
[Site "Voels Theatersaal"]
[Date "2016.01.23"]
[Round "7"]
[Board "6"]
[White "Anibas, Juergen"]
[Black "Poettinger, Harald"]
[Result "1/2-1/2"]
[WhiteElo "1955"]
[BlackElo "2212"]
[PlyCount "81"]
[EventDate "2015.10.16"]
[EventType "team"]
[EventRounds "11"]
[EventCountry "AUT"]
[WhiteTeam "Kufstein/Woergl"]
[BlackTeam "Bregenz"]

1. d4 d6 2. Nf3 g6 3. c4 Bg7 4. Nc3 Bg4 5. Bg5 Bxf3 6. gxf3 c5 7. d5 Nd7 8. Qb3
Qb6 9. Bh3 Ngf6 10. O-O-O Qxb3 11. axb3 a6 12. Kc2 Kd8 13. Rhg1 Kc7 14. f4 h6
15. Bh4 Nh5 16. e3 Bf6 17. Bxf6 Nhxf6 18. Kd3 Rag8 19. Bxd7 Kxd7 20. h4 Ne8 21.
Rg4 Ng7 22. e4 Nh5 23. Rdg1 Rf8 24. f5 gxf5 25. exf5 Nf6 26. R4g2 Rb8 27. Ne4
Nh5 28. Rg4 b5 29. Kc3 Rb6 30. Rg8 Rb8 31. Rxh8 Rxh8 32. Kc2 b4 33. Rg4 a5 34.
Kd2 Ke8 35. Ke3 Kf8 36. Rg1 Rg8 37. Rxg8+ Kxg8 38. f6 e6 39. Kf3 exd5 40. cxd5
Kh7 41. Nxd6 1/2-1/2

[Event "2. Bundesliga West 2015/16"]
[Site "Voels Theatersaal"]
[Date "2016.01.24"]
[Round "8"]
[Board "1"]
[White "Graf, Felix"]
[Black "Votava, Jan"]
[Result "1/2-1/2"]
[WhiteElo "2478"]
[BlackElo "2524"]
[PlyCount "73"]
[EventDate "2015.10.16"]
[EventType "team"]
[EventRounds "11"]
[EventCountry "AUT"]
[WhiteTeam "Bregenz"]
[BlackTeam "Zillertal"]

1. d4 Nf6 2. Bf4 d5 3. e3 e6 4. Nd2 Bd6 5. Bg3 b6 6. Ngf3 Bb7 7. a4 a5 8. Bb5+
c6 9. Bd3 Bxg3 10. hxg3 Nbd7 11. Ne5 Nxe5 12. dxe5 Nd7 13. Qg4 g6 14. Nf3 Qe7
15. Rh6 Qb4+ 16. Qxb4 axb4 17. Rh4 c5 18. Bb5 Bc8 19. Kd2 Kf8 20. b3 Kg7 21.
Rah1 Ra7 22. g4 Nf8 23. g5 Bd7 24. Bd3 Bc6 25. Nh2 h5 26. gxh6+ Rxh6 27. Rxh6
Kxh6 28. Ng4+ Kg7 29. Nf6 Ra8 30. f3 Rd8 31. Rh4 Nd7 32. Rh7+ Kf8 33. Rh8+ Ke7
34. Ng8+ Ke8 35. Nf6+ Ke7 36. Ng8+ Ke8 37. Nf6+ 1/2-1/2

[Event "2. Bundesliga West 2015/16"]
[Site "Voels Theatersaal"]
[Date "2016.01.24"]
[Round "8"]
[Board "2"]
[White "Lanka, Zigurds"]
[Black "Jorczik, Julian"]
[Result "1-0"]
[WhiteElo "2422"]
[BlackElo "2385"]
[PlyCount "53"]
[EventDate "2015.10.16"]
[EventType "team"]
[EventRounds "11"]
[EventCountry "AUT"]
[WhiteTeam "Zillertal"]
[BlackTeam "Bregenz"]

1. e4 e6 2. d4 d5 3. Nc3 Nf6 4. Bg5 dxe4 5. Nxe4 Nbd7 6. Nf3 h6 7. Nxf6+ Nxf6
8. Bf4 Bd6 9. Bg3 O-O 10. Bd3 c5 11. dxc5 Qa5+ 12. Kf1 Bxc5 13. Qe2 b6 14. Be5
Bb7 15. Bxf6 gxf6 16. h4 Rfd8 17. Rh3 Qb4 18. Re1 Qxb2 19. Nd2 Kf8 20. Qh5 Ke7
21. Qxh6 Qd4 22. Rhe3 Rg8 23. Ne4 Bb4 24. Rb1 Rad8 25. Ng3 Ke8 26. Bb5+ Rd7 27.
Rd3 1-0

[Event "2. Bundesliga West 2015/16"]
[Site "Voels Theatersaal"]
[Date "2016.01.24"]
[Round "8"]
[Board "3"]
[White "Weindl, Alfred"]
[Black "Hausner, Ivan"]
[Result "1/2-1/2"]
[WhiteElo "2331"]
[BlackElo "2332"]
[PlyCount "68"]
[EventDate "2015.10.16"]
[EventType "team"]
[EventRounds "11"]
[EventCountry "AUT"]
[WhiteTeam "Bregenz"]
[BlackTeam "Zillertal"]

1. g3 g6 2. Bg2 Bg7 3. c4 c5 4. Nc3 Nc6 5. e3 e6 6. Nge2 Nge7 7. d4 cxd4 8.
Nxd4 Nxd4 9. exd4 d5 10. cxd5 Nxd5 11. Nxd5 exd5 12. Qa4+ Bd7 13. Qb4 Be6 14.
O-O Qb6 15. Qa4+ Qc6 16. Qa3 Qa6 17. Qxa6 bxa6 18. Be3 O-O 19. Rfc1 Rfb8 20.
Rc6 Rxb2 21. Rxa6 Rab8 22. h3 R8b7 23. Rc1 Bf8 24. Rd1 R2b6 25. Rxb6 Rxb6 26.
Rd2 a5 27. Bf3 a4 28. Bd1 a3 29. Bb3 Rb5 30. g4 h5 31. f3 hxg4 32. hxg4 f5 33.
g5 Bd6 34. f4 Kf7 1/2-1/2

[Event "2. Bundesliga West 2015/16"]
[Site "Voels Theatersaal"]
[Date "2016.01.24"]
[Round "8"]
[Board "4"]
[White "Platzgummer, Fabian"]
[Black "Dobosz, Henryk"]
[Result "1/2-1/2"]
[WhiteElo "2332"]
[BlackElo "2389"]
[PlyCount "71"]
[EventDate "2015.10.16"]
[EventType "team"]
[EventRounds "11"]
[EventCountry "AUT"]
[WhiteTeam "Zillertal"]
[BlackTeam "Bregenz"]

1. Nf3 d6 2. d4 g6 3. e4 Bg7 4. Bc4 c6 5. h3 d5 6. Bd3 dxe4 7. Bxe4 Nf6 8. Bd3
Bf5 9. O-O Bxd3 10. Qxd3 O-O 11. Rd1 Nbd7 12. c4 Qc7 13. Nc3 Rad8 14. Qe2 Rfe8
15. Be3 e6 16. Qc2 b5 17. cxb5 cxb5 18. Qb3 b4 19. Qxb4 Rb8 20. Qa3 Bf8 21. Qa6
Rxb2 22. Rac1 Qb6 23. Qd3 Qa5 24. Ne5 Rb7 25. Nc6 Qa3 26. d5 exd5 27. Nxd5 Qxa2
28. Nxf6+ Nxf6 29. Ra1 Qb3 30. Qxb3 Rxb3 31. Rxa7 Rb5 32. Rd8 Rxd8 33. Nxd8 Nd5
34. Bd4 Rb1+ 35. Kh2 Rd1 36. Be5 1/2-1/2

[Event "2. Bundesliga West 2015/16"]
[Site "Voels Theatersaal"]
[Date "2016.01.24"]
[Round "8"]
[Board "5"]
[White "Bezler, Rainer"]
[Black "Tabernig, Bernhard"]
[Result "1/2-1/2"]
[WhiteElo "2215"]
[BlackElo "2328"]
[PlyCount "116"]
[EventDate "2015.10.16"]
[EventType "team"]
[EventRounds "11"]
[EventCountry "AUT"]
[WhiteTeam "Bregenz"]
[BlackTeam "Zillertal"]

1. d4 Nf6 2. c4 e6 3. Nf3 Bb4+ 4. Bd2 c5 5. Bxb4 cxb4 6. g3 O-O 7. Bg2 d6 8.
O-O a5 9. Nbd2 Qe7 10. Re1 Rd8 11. Nf1 Qc7 12. Rc1 b6 13. Ne3 Na6 14. Qd2 Ra7
15. Red1 h6 16. h3 Qe7 17. Kh2 Rc7 18. Qd3 g6 19. Nd2 Kg7 20. Ne4 Nb8 21. a3
Na6 22. Nxf6 Qxf6 23. Nc2 Qf5 24. e4 Qf6 25. axb4 axb4 26. Kg1 e5 27. Ne3 Be6
28. Nd5 Bxd5 29. cxd5 Ra8 30. Rc6 exd4 31. Qxd4 Qxd4 32. Rxd4 Kf6 33. e5+ Kxe5
34. Re4+ Kf6 35. Rxd6+ Kg7 36. Rxb6 Rc1+ 37. Kh2 Rc2 38. Rf4 Ra7 39. d6 Rxb2
40. Rc6 b3 41. Bf1 Rc2 42. Rxa6 Rxa6 43. Bxa6 b2 44. Rb4 Rxf2+ 45. Kg1 Rd2 46.
d7 Rxd7 47. Rxb2 h5 48. Kg2 Ra7 49. Bc4 Rc7 50. Ba2 Kh6 51. Rf2 f5 52. Bd5 Rc5
53. Bf3 Rc4 54. Rb2 h4 55. g4 Kg5 56. Kf2 Rc3 57. Rd2 Ra3 58. gxf5 gxf5 1/2-1/2

[Event "2. Bundesliga West 2015/16"]
[Site "Voels Theatersaal"]
[Date "2016.01.24"]
[Round "8"]
[Board "6"]
[White "Kroell, Johannes"]
[Black "Poettinger, Harald"]
[Result "1-0"]
[WhiteElo "2196"]
[BlackElo "2212"]
[PlyCount "71"]
[EventDate "2015.10.16"]
[EventType "team"]
[EventRounds "11"]
[EventCountry "AUT"]
[WhiteTeam "Zillertal"]
[BlackTeam "Bregenz"]

1. Nc3 d6 2. e4 Nf6 3. d4 e5 4. Nf3 Nbd7 5. h3 Be7 6. Be3 c6 7. Qd2 b5 8. a3
Qc7 9. g4 a6 10. g5 Nh5 11. Be2 g6 12. Nh2 Nb6 13. Ng4 Nd7 14. Nh6 Ng7 15. f4
f6 16. h4 Rf8 17. Rf1 Bb7 18. dxe5 dxe5 19. Bg4 Rd8 20. O-O-O exf4 21. Bxf4 Ne5
22. Bxe5 fxe5 23. Rxf8+ Bxf8 24. Qf2 Rxd1+ 25. Kxd1 Bd6 26. Ng8 Bc8 27. Bxc8
Qxc8 28. Nf6+ Kd8 29. Nxh7 Qg4+ 30. Kd2 Ne6 31. Qf6+ Kc7 32. Qxg6 Nd4 33. Qf7+
Kb6 34. Qf2 Bc5 35. Nf6 Nb3+ 36. cxb3 1-0

[Event "2. Bundesliga West 2015/16"]
[Site "Voels Theatersaal"]
[Date "2016.01.24"]
[Round "8"]
[Board "1"]
[White "Froewis, Georg"]
[Black "Zelbel, Patrick"]
[Result "1-0"]
[WhiteElo "2434"]
[BlackElo "2441"]
[PlyCount "50"]
[EventDate "2015.10.16"]
[EventType "team"]
[EventRounds "11"]
[EventCountry "AUT"]
[WhiteTeam "Hohenems II"]
[BlackTeam "SPG Voels/HAK/HAS Innsbruck"]

1. Nf3 f5 2. c4 Nf6 3. Nc3 d6 4. d4 g6 5. Bf4 Bg7 6. e3 O-O 7. c5 h6 8. h4 b6
9. Qb3+ Kh8 10. cxd6 exd6 11. h5 gxh5 12. Nh4 Qe8 13. Nb5 Qf7 14. Bc4 d5 15.
Be2 Ne8 16. Qd1 Na6 17. Bxh5 Qd7 18. Ng6+ Kg8 19. Nc3 Rf6 20. Be5 Re6 21. Nf4
Rxe5 22. dxe5 c6 23. e6 Qe7 24. Bf7+ Kh7 25. Qh5 Nd6 1-0

[Event "2. Bundesliga West 2015/16"]
[Site "Voels Theatersaal"]
[Date "2016.01.24"]
[Round "8"]
[Board "2"]
[White "Berchtenbreiter, Maximilian"]
[Black "Baldauf, Marco"]
[Result "0-1"]
[WhiteElo "2384"]
[BlackElo "2420"]
[PlyCount "38"]
[EventDate "2015.10.16"]
[EventType "team"]
[EventRounds "11"]
[EventCountry "AUT"]
[WhiteTeam "SPG Voels/HAK/HAS Innsbruck"]
[BlackTeam "Hohenems II"]

1. e4 e5 2. Nf3 Nc6 3. d4 exd4 4. Nxd4 Bc5 5. Nb3 Bb6 6. Nc3 Nf6 7. Bg5 h6 8.
Bh4 d6 9. Qd2 Nxe4 10. Qf4 Nf6 11. Ne4 Nh5 12. Bxd8 Nxf4 13. Bh4 Ng6 14. Bg3 f5
15. Nxd6+ cxd6 16. Bxd6 Be6 17. Nc5 Bxc5 18. Bxc5 O-O-O 19. Bb5 Rd5 0-1

[Event "2. Bundesliga West 2015/16"]
[Site "Voels Theatersaal"]
[Date "2016.01.24"]
[Round "8"]
[Board "3"]
[White "Burschowsky, Matthias"]
[Black "Wachinger, Guenther"]
[Result "1-0"]
[WhiteElo "2208"]
[BlackElo "2233"]
[PlyCount "97"]
[EventDate "2015.10.16"]
[EventType "team"]
[EventRounds "11"]
[EventCountry "AUT"]
[WhiteTeam "Hohenems II"]
[BlackTeam "SPG Voels/HAK/HAS Innsbruck"]

1. Nf3 d5 2. c4 c6 3. b3 Nf6 4. Bb2 Bf5 5. d3 e6 6. g3 h6 7. Bg2 Nbd7 8. O-O
Be7 9. Nbd2 O-O 10. Rc1 Bh7 11. Rc2 a5 12. a3 Bd6 13. Qa1 Qe7 14. cxd5 exd5 15.
Re1 Rfe8 16. Rcc1 Qf8 17. Nd4 Re7 18. N2f3 Rae8 19. Bf1 Ng4 20. h3 Nge5 21. Nh4
Bc7 22. f4 g5 23. Nhf5 gxf4 24. gxf4 Re6 25. fxe5 Rg6+ 26. Kh1 Rg5 27. e4 Nxe5
28. Be2 c5 29. Nf3 Nxf3 30. Bxf3 Bxf5 31. exf5 Rxe1+ 32. Rxe1 d4 33. Rg1 Qd6
34. Rxg5+ hxg5 35. Qg1 Qf4 36. Be4 Qh4 37. Kg2 Qg3+ 38. Kf1 Qxh3+ 39. Ke2 g4
40. Bc1 g3 41. Qh1 Qg4+ 42. Qf3 Qh4 43. Bxb7 Qh2+ 44. Kd1 Qg1+ 45. Kc2 Qe1 46.
Qg4+ Kh7 47. Qh5+ Kg8 48. Qg5+ Kh7 49. Bd2 1-0

[Event "2. Bundesliga West 2015/16"]
[Site "Voels Theatersaal"]
[Date "2016.01.24"]
[Round "8"]
[Board "4"]
[White "Meier, Alexander"]
[Black "Gaertner, Guntram"]
[Result "1/2-1/2"]
[WhiteElo "2186"]
[BlackElo "2226"]
[PlyCount "49"]
[EventDate "2015.10.16"]
[EventType "team"]
[EventRounds "11"]
[EventCountry "AUT"]
[WhiteTeam "SPG Voels/HAK/HAS Innsbruck"]
[BlackTeam "Hohenems II"]

1. e4 c6 2. d4 d5 3. exd5 cxd5 4. Bd3 Nc6 5. c3 Qc7 6. Ne2 Nf6 7. Na3 a6 8. Bf4
Qd8 9. Nc2 Bg4 10. Ne3 Bxe2 11. Qxe2 g6 12. Qf3 e6 13. Bg5 Be7 14. O-O Nh5 15.
Bxe7 Nxe7 16. Rfe1 O-O 17. g4 Ng7 18. g5 Nef5 19. Bxf5 gxf5 20. Qf4 f6 21. h4
Nh5 22. Qf3 Ng7 23. Qf4 Nh5 24. Qf3 Ng7 25. Qf4 1/2-1/2

[Event "2. Bundesliga West 2015/16"]
[Site "Voels Theatersaal"]
[Date "2016.01.24"]
[Round "8"]
[Board "5"]
[White "Atlas, Dmitry"]
[Black "Heinrich, Thomas"]
[Result "1-0"]
[WhiteElo "2220"]
[BlackElo "2144"]
[PlyCount "59"]
[EventDate "2015.10.16"]
[EventType "team"]
[EventRounds "11"]
[EventCountry "AUT"]
[WhiteTeam "Hohenems II"]
[BlackTeam "SPG Voels/HAK/HAS Innsbruck"]

1. e4 c5 2. c3 Nf6 3. e5 Nd5 4. Nf3 Nc6 5. Bc4 Nb6 6. Bb3 d5 7. d4 cxd4 8. cxd4
Bg4 9. Be3 e6 10. O-O Be7 11. h3 Bh5 12. Nc3 O-O 13. Ne2 Bxf3 14. gxf3 f6 15.
f4 f5 16. a3 Na5 17. Bc2 Nac4 18. Bc1 Rc8 19. Bd3 Na5 20. b3 Qe8 21. Kh2 Qh5
22. f3 Kh8 23. Bd2 Nc6 24. Be3 Rg8 25. Qd2 g5 26. fxg5 Bxg5 27. Bxg5 Rxg5 28.
Rg1 Rxg1 29. Rxg1 Qxf3 30. Qh6 1-0

[Event "2. Bundesliga West 2015/16"]
[Site "Voels Theatersaal"]
[Date "2016.01.24"]
[Round "8"]
[Board "6"]
[White "Hajdarevic, Dino"]
[Black "Sandholzer, Robert"]
[Result "1-0"]
[WhiteElo "2135"]
[BlackElo "2175"]
[PlyCount "155"]
[EventDate "2015.10.16"]
[EventType "team"]
[EventRounds "11"]
[EventCountry "AUT"]
[WhiteTeam "SPG Voels/HAK/HAS Innsbruck"]
[BlackTeam "Hohenems II"]

1. d4 d5 2. Nf3 Nf6 3. c4 e6 4. g3 dxc4 5. Bg2 Bb4+ 6. Bd2 c5 7. Bxb4 cxb4 8.
Ne5 O-O 9. Nxc4 Nc6 10. e3 e5 11. d5 b5 12. dxc6 Qxd1+ 13. Kxd1 bxc4 14. Kc1
Be6 15. a3 b3 16. Nc3 Ng4 17. Rf1 Rac8 18. h3 Nf6 19. Rd1 a6 20. g4 g5 21. a4
a5 22. Kd2 Kg7 23. Ke1 h5 24. gxh5 Rh8 25. Rd6 Ne8 26. Rd7 Nc7 27. Nb5 Nxb5 28.
axb5 Bxd7 29. cxd7 Rc7 30. Bc6 Kf6 31. Kd2 Ke7 32. Rxa5 Rxh5 33. Ra8 Rxd7+ 34.
Bxd7 Kxd7 35. Ra7+ Kd6 36. Rxf7 Kc5 37. Rf5 Kxb5 38. Kc3 Kc5 39. Rxe5+ Kd6 40.
Rf5 Rxh3 41. Kxc4 g4 42. Rg5 Rf3 43. Rxg4 Rxf2 44. Kxb3 Kd5 45. Rg8 Re2 46. Re8
Kc5 47. Kc3 Kb5 48. Re5+ Kc6 49. b4 Kd6 50. Re8 Re1 51. Kc4 Kd7 52. Re4 Kc6 53.
b5+ Kc7 54. Kc5 Rc1+ 55. Rc4 Re1 56. e4 Re2 57. Rb4 Rc2+ 58. Kd5 Rd2+ 59. Ke6
Rd6+ 60. Ke5 Rb6 61. Kf5 Kd7 62. Ke5 Ke7 63. Kd5 Kd7 64. Kc5 Kc7 65. Rb1 Rh6
66. b6+ Kb7 67. e5 Rh2 68. Kd6 Re2 69. e6 Rd2+ 70. Ke7 Rh2 71. Kd7 Rd2+ 72. Ke8
Rh2 73. e7 Rf2 74. Rb4 Rf1 75. Kd7 Rd1+ 76. Ke6 Re1+ 77. Kd6 Re2 78. Rb5 1-0

[Event "2. Bundesliga West 2015/16"]
[Site "Voels Theatersaal"]
[Date "2016.01.24"]
[Round "8"]
[Board "1"]
[White "Zelcic, Robert"]
[Black "Eybl, Alexander"]
[Result "0-1"]
[WhiteElo "2553"]
[BlackElo "2240"]
[PlyCount "162"]
[EventDate "2015.10.16"]
[EventType "team"]
[EventRounds "11"]
[EventCountry "AUT"]
[WhiteTeam "Schwarzach"]
[BlackTeam "Pradl"]

1. e4 c5 2. Nf3 e6 3. d4 cxd4 4. Nxd4 a6 5. Nc3 Qc7 6. Be2 Nf6 7. O-O d6 8. f4
Be7 9. Kh1 O-O 10. a4 Nc6 11. Be3 Bd7 12. Qe1 Nxd4 13. Bxd4 Bc6 14. Qg3 g6 15.
f5 e5 16. Be3 b5 17. Bh6 Rfc8 18. fxg6 hxg6 19. Qf2 Bd8 20. axb5 axb5 21. Rxa8
Rxa8 22. Qf3 Qb7 23. Bd3 b4 24. Nd5 Nxd5 25. exd5 Bxd5 26. Qg3 Be4 27. Bc4 Bd5
28. Bd3 Be4 29. h3 Qd5 30. Bxe4 Qxe4 31. Qb3 Ra7 32. c4 Qe2 33. Rc1 Kh7 34. Be3
Rb7 35. Rd1 Kg7 36. Rxd6 Be7 37. Rd1 Rc7 38. c5 Bxc5 39. Bxc5 Rxc5 40. Rg1 Rc2
41. Qxb4 Rxb2 42. Qe7 Qe4 43. Qa3 Re2 44. Qe7 Qf4 45. Qc7 g5 46. Qd7 Re3 47.
Qd1 Qe4 48. Qh5 Qh4 49. Qxh4 gxh4 50. Ra1 Re4 51. Kg1 Rf4 52. Ra6 f6 53. Rb6
Kg6 54. Rb8 Kf5 55. Ra8 Rb4 56. Ra2 Ke4 57. Kf2 f5 58. Re2+ Kf4 59. Ra2 e4 60.
Rc2 Rd4 61. Ke1 Kg3 62. Rc5 Kxg2 63. Rxf5 Kxh3 64. Kf2 Ra4 65. Re5 Kh2 66. Ke3
h3 67. Rf5 Kh1 68. Rf8 h2 69. Rf7 Ra1 70. Kf2 e3+ 71. Kxe3 Rg1 72. Ra7 Kg2 73.
Rg7+ Kf1 74. Rf7+ Ke1 75. Ra7 Kf1 76. Rf7+ Ke1 77. Ra7 Rg3+ 78. Kf4 Rf3+ 79.
Kg4 Rf1 80. Ra1+ Kf2 81. Ra2+ Kg1 0-1

[Event "2. Bundesliga West 2015/16"]
[Site "Voels Theatersaal"]
[Date "2016.01.24"]
[Round "8"]
[Board "2"]
[White "Doskocil, Klaus"]
[Black "Krstic, Uros"]
[Result "0-1"]
[WhiteElo "2251"]
[BlackElo "2428"]
[PlyCount "70"]
[EventDate "2015.10.16"]
[EventType "team"]
[EventRounds "11"]
[EventCountry "AUT"]
[WhiteTeam "Pradl"]
[BlackTeam "Schwarzach"]

1. d4 d6 2. e4 Nf6 3. Nc3 e5 4. f3 exd4 5. Qxd4 Nc6 6. Bb5 Bd7 7. Bxc6 bxc6 8.
Be3 Be7 9. Nge2 O-O 10. O-O Re8 11. Rad1 a5 12. a4 h6 13. Kh1 Bf8 14. g4 Nh7
15. Ng3 Qb8 16. b3 Qb4 17. Qd2 Rad8 18. Rfe1 Be6 19. Na2 Qxd2 20. Bxd2 Ra8 21.
Bc3 d5 22. Kg2 Bc5 23. Nc1 Bb6 24. Nce2 dxe4 25. Nxe4 Bxg4 26. N2g3 Be6 27. Nh5
f6 28. Nf4 Bf5 29. Bd4 Rad8 30. c3 Ng5 31. Ng3 Bc2 32. Rxe8+ Rxe8 33. Rd2 Bxb3
34. Bxb6 cxb6 35. Rd7 Nf7 0-1

[Event "2. Bundesliga West 2015/16"]
[Site "Voels Theatersaal"]
[Date "2016.01.24"]
[Round "8"]
[Board "3"]
[White "Brumen, Dinko"]
[Black "Matt, Stefan"]
[Result "1-0"]
[WhiteElo "2359"]
[BlackElo "2094"]
[PlyCount "79"]
[EventDate "2015.10.16"]
[EventType "team"]
[EventRounds "11"]
[EventCountry "AUT"]
[WhiteTeam "Schwarzach"]
[BlackTeam "Pradl"]

1. d4 f5 2. g3 Nf6 3. Bg2 g6 4. Nd2 Bg7 5. e4 fxe4 6. Nxe4 Nxe4 7. Bxe4 d5 8.
Bg2 Nc6 9. Be3 Qd6 10. c3 Bf5 11. Ne2 O-O-O 12. Qa4 a6 13. O-O h5 14. h4 Bh6
15. Bxh6 Rxh6 16. f4 Nb8 17. Qd1 Nd7 18. Nc1 Nf6 19. Nd3 Rhh8 20. Ne5 Ng4 21.
Nxg4 Bxg4 22. Qd2 g5 23. fxg5 Qxg3 24. Qf2 Qd6 25. Rae1 e6 26. Qf4 Rhf8 27.
Qxd6 cxd6 28. Kh2 Kd7 29. Kg3 b5 30. Rxf8 Rxf8 31. Rf1 Rxf1 32. Bxf1 e5 33. a4
bxa4 34. Bxa6 Bd1 35. Kf2 Bc2 36. Be2 Bg6 37. Bb5+ Kc7 38. Bxa4 Kb6 39. Ke3 Kc7
40. Bb5 1-0

[Event "2. Bundesliga West 2015/16"]
[Site "Voels Theatersaal"]
[Date "2016.01.24"]
[Round "8"]
[Board "4"]
[White "Praxmarer, Christian"]
[Black "Stajner, Samo"]
[Result "0-1"]
[WhiteElo "1992"]
[BlackElo "2351"]
[PlyCount "52"]
[EventDate "2015.10.16"]
[EventType "team"]
[EventRounds "11"]
[EventCountry "AUT"]
[WhiteTeam "Pradl"]
[BlackTeam "Schwarzach"]

1. f4 b6 2. Nf3 Bb7 3. b3 e6 4. Bb2 Nf6 5. e3 Bb4 6. Be2 Nc6 7. a3 Bd6 8. O-O
Ne7 9. Nc3 a6 10. Ne5 Ng6 11. Nc4 Be7 12. Bf3 d5 13. Ne5 Nh4 14. d4 c5 15. Qe1
Nf5 16. dxc5 Nxe3 17. c6 Bc8 18. Rf2 Bc5 19. Kh1 Nf5 20. Rd2 Be3 21. Rd3 Bxf4
22. Bxd5 Qc7 23. Nd7 Ng4 24. Bxe6 Be3 25. g3 fxe6 26. h3 Qxc6+ 0-1

[Event "2. Bundesliga West 2015/16"]
[Site "Voels Theatersaal"]
[Date "2016.01.24"]
[Round "8"]
[Board "5"]
[White "Ljubic, Juro"]
[Black "Nedelchev, Nikolay"]
[Result "1/2-1/2"]
[WhiteElo "2213"]
[BlackElo "2008"]
[PlyCount "65"]
[EventDate "2015.10.16"]
[EventType "team"]
[EventRounds "11"]
[EventCountry "AUT"]
[WhiteTeam "Schwarzach"]
[BlackTeam "Pradl"]

1. e4 c6 2. d4 d5 3. exd5 cxd5 4. c4 Nf6 5. Nf3 g6 6. Nc3 Bg7 7. Bg5 Ne4 8. Be3
Nxc3 9. bxc3 O-O 10. cxd5 Qxd5 11. Qb3 Be6 12. Qxd5 Bxd5 13. c4 Bxf3 14. gxf3
Nc6 15. Rd1 Rfd8 16. d5 Nb4 17. Rb1 Nc2+ 18. Kd2 Nxe3 19. fxe3 b6 20. Bg2 Rac8
21. Rhc1 e6 22. f4 Rc5 23. Kd3 f5 24. Rc2 Kf7 25. e4 fxe4+ 26. Bxe4 exd5 27.
Bxd5+ Kf8 28. f5 Bf6 29. fxg6 hxg6 30. Rg2 b5 31. Rxg6 bxc4+ 32. Kc2 Rcxd5 33.
Rxf6+ 1/2-1/2

[Event "2. Bundesliga West 2015/16"]
[Site "Voels Theatersaal"]
[Date "2016.01.24"]
[Round "8"]
[Board "6"]
[White "Kimpel, Janine"]
[Black "Stoeckl, Norbert"]
[Result "0-1"]
[WhiteElo "1765"]
[BlackElo "2094"]
[PlyCount "66"]
[EventDate "2015.10.16"]
[EventType "team"]
[EventRounds "11"]
[EventCountry "AUT"]
[WhiteTeam "Pradl"]
[BlackTeam "Schwarzach"]

1. e4 c5 2. Nc3 e6 3. g3 Nc6 4. Bg2 g6 5. d3 Bg7 6. f4 Nge7 7. Nf3 d6 8. Be3
Rb8 9. O-O b5 10. d4 b4 11. Ne2 Qa5 12. Qd2 O-O 13. Rfd1 Ba6 14. Nc1 c4 15. c3
d5 16. Ne5 Rfd8 17. exd5 Nxe5 18. fxe5 Nxd5 19. Bg5 Rd7 20. Ne2 Rdb7 21. Nf4
bxc3 22. bxc3 Rb2 23. Qe1 Bb7 24. Nxd5 Bxd5 25. Bxd5 Qxd5 26. Rd2 h6 27. Be7
Bxe5 28. Bb4 Bxd4+ 29. cxd4 R8xb4 30. Rad1 c3 31. Rf2 Rxf2 32. Qxf2 Rb2 33. Qf1
c2 0-1

[Event "2. Bundesliga West 2015/16"]
[Site "Voels Theatersaal"]
[Date "2016.01.24"]
[Round "8"]
[Board "2"]
[White "Gatterer, Florian"]
[Black "Durakovic, Alman"]
[Result "1-0"]
[WhiteElo "2223"]
[BlackElo "2314"]
[PlyCount "107"]
[EventDate "2015.10.16"]
[EventType "team"]
[EventRounds "11"]
[EventCountry "AUT"]
[WhiteTeam "Rochade Rum"]
[BlackTeam "SIR Bernhard 2"]

1. c4 e5 2. g3 Nc6 3. Nc3 Bc5 4. Bg2 d6 5. e3 a6 6. Nge2 Ba7 7. a3 h5 8. h4 Bg4
9. b4 g5 10. Qa4 gxh4 11. Rxh4 Bd7 12. Qc2 Nge7 13. Bb2 Bf5 14. Qa4 Ng6 15. Rh2
Bd7 16. Qc2 Rb8 17. Nd5 f5 18. d4 Kf7 19. O-O-O Nce7 20. Rdh1 c6 21. Nxe7 Qxe7
22. Rxh5 Kg7 23. Rxh8 Rxh8 24. Rxh8 Kxh8 25. dxe5 dxe5 26. Bh3 Qg5 27. Nf4 Bb8
28. Qd3 Nf8 29. Qd1 Kg8 30. Nd3 f4 31. gxf4 exf4 32. Nxf4 Bxh3 33. Nxh3 Qf5 34.
Qg1+ Kf7 35. Qf1 Ne6 36. f4 Ba7 37. c5 a5 38. Nf2 axb4 39. axb4 Qd5 40. Qd3 Qf3
41. Qd7+ Kf8 42. Qxe6 Qxf2 43. Qc8+ Ke7 44. Qxb7+ Ke6 45. Qxc6+ Kf5 46. Qd5+
Kg4 47. Qd1+ Kg3 48. Bd4 Qa2 49. Qd2 Qc4+ 50. Bc3 Kf3 51. Kb2 Bb8 52. f5 Bg3
53. f6 Bf2 54. Bd4 1-0

[Event "2. Bundesliga West 2015/16"]
[Site "Voels Theatersaal"]
[Date "2016.01.24"]
[Round "8"]
[Board "3"]
[White "Wieneroiter, Gerald"]
[Black "Spornberger, Andre"]
[Result "0-1"]
[WhiteElo "2140"]
[BlackElo "2108"]
[PlyCount "82"]
[EventDate "2015.10.16"]
[EventType "team"]
[EventRounds "11"]
[EventCountry "AUT"]
[WhiteTeam "SIR Bernhard 2"]
[BlackTeam "Rochade Rum"]

1. Nf3 e6 2. d4 f5 3. c4 Nf6 4. e3 d5 5. Be2 c6 6. Nc3 Bd6 7. O-O O-O 8. b3
Nbd7 9. Bb2 Ne4 10. Nxe4 fxe4 11. Ne5 Qg5 12. Nxd7 Bxd7 13. Qd2 Rf6 14. f4 exf3
15. Rxf3 Rh6 16. g3 Be8 17. Rf2 Bg6 18. Raf1 Bxg3 19. hxg3 Qxg3+ 20. Rg2 Qh3
21. Bf3 Qh1+ 22. Kf2 Qh4+ 23. Ke2 Rf8 24. Qe1 Qh3 25. Rgf2 Rxf3 26. Rxf3 Bh5
27. R1f2 Rf6 28. Qf1 Rxf3 29. Rxf3 Qxf1+ 30. Kxf1 Bxf3 31. Kf2 Be4 32. cxd5
exd5 33. b4 Kf7 34. a4 Kf6 35. Bc3 h5 36. Be1 h4 37. Kf1 g5 38. Bf2 Kg6 39. Bg1
g4 40. Bf2 g3 41. Be1 Kg5 0-1